| 000 | 00957cad a22002055a 4500 | ||
|---|---|---|---|
| 001 | L156789 | ||
| 008 | 120716e20120213xxk f 000 0 eng d | ||
| 035 | _a(Sirsi) u156789 | ||
| 041 | 0 | _aeng | |
| 110 | 2 |
_aMarkit _95915 |
|
| 245 | 0 | 0 |
_aActivity declines at fastest pace since September 2011 _h[electronic resource] |
| 260 | _c2012 | ||
| 490 |
_aUlster Bank Construction PMI Report News Release _v9 July 2012 |
||
| 520 | _aThe downturn in the Irish construction sector showed signs of deepening in June as both activity and new business decreased at faster rates. In response to lower workloads, firms in the Republic of Ireland cut their purchasing activity and employment further. | ||
| 590 | _aKA | ||
| 651 | 4 |
_aIreland (Republic of) _y |
|
| 690 |
_aConstruction management _96230 |
||
| 856 | 4 | 0 |
_uhttps://www.markiteconomics.com/MarkitFiles/Pages/ViewPressRelease.aspx?ID=9798 _zView this item free of charge at www.markiteconomics.com |
| 942 | _n0 | ||
| 999 |
_c114415 _d114415 |
||